000 00509nam a2200205Ia 4500
003 OSt
005 20140426081546.0
008 140130s9999 xx 000 0 und d
020 _a0439744059
050 _aPZ 7
_b.C179Bat 2005
100 _aCapucilli, Alyssa
245 _cAlyssa Satin Capucilli
_aBathtime for biscuit /
260 _bScholastic,
_c2005.
_aNew York :
300 _a28 p. :
_bcol. ill. ;
_c23 cm.
440 _v1
521 _aG1
526 _c150
942 _cBK
_2lcc
999 _c39870
_d39870